Musculoskeletal imaging / (رقم التسجيلة. 36064)
[ عرض عادي ]
| 000 -الفاتح | |
|---|---|
| حقل البيانات ثابتة الطول | 01535cam a22003494a 4500 |
| 003 - محدد رقم الضبط | |
| رقم الضبط | OSt |
| 005 - وقت وتاريخ اخر تعامل مع التسجيلة | |
| رقم الضبط | 20160720094300.0 |
| 008 - عناصر البيانات ثابتة الطول - معلومات عامة | |
| حقل البيانات ثابتة الطول | 071105s2014 gw a bf 001 0 eng |
| 020 ## - الرقم الدولى المعيارى للكتب | |
| الرقم الدولى المعيارى للكتاب | 9780071787031 |
| 020 ## - الرقم الدولى المعيارى للكتب | |
| الرقم الدولى المعيارى للكتاب | 3131451610 (TPS, rest of world : alk. paper) |
| 020 ## - الرقم الدولى المعيارى للكتب | |
| الرقم الدولى المعيارى للكتاب | 9781604060850 (TPN, the Americas : alk. paper) |
| 020 ## - الرقم الدولى المعيارى للكتب | |
| الرقم الدولى المعيارى للكتاب | 1604060859 (TPN, the Americas : alk. paper) |
| 040 ## - مصدر الفهرسة | |
| وكالة الفهرسة الأصلية | MA-UN |
| لغة الفهرسة | ara |
| 082 00 - رقم تصنيف ديوى العشرى | |
| رقم التصنيف | 616.707 |
| رقم الطبعة | 22 |
| رقم المادة | MUI |
| 240 10 - العنوان الموحد | |
| عنوان موحد | <a href="Bewegungsapparat.">Bewegungsapparat.</a> |
| لغة العمل | English. |
| 245 10 - بيان العنوان | |
| العنوان | Musculoskeletal imaging / |
| بيان المسئوليه,etc | Sayed Ali. |
| 250 ## - بيان الطبعة | |
| بيان الطبعة | ط. 1. |
| 260 ## - PUBLICATION, DISTRIBUTION, ETC. (IMPRINT) | |
| مكان الناشر او الموزع | Stuttgart ; |
| -- | New York : |
| اسم الناشر او الموزع | Thieme, |
| -- | McGraW Hill, |
| تاريخ النشر أو التوزيع | 2014. |
| 300 ## - الوصف المادى | |
| التعداد | viii, 333 p. : |
| تفاصيل ماديه اخرى للوعاء | ill. ; |
| أبعاد الوعاء | 20 cm. |
| 440 #0 - بيان السلسلة/مدخل إضافى-العنوان | |
| العنوان | Direct diagnosis in radiology. |
| 9 (RLIN) | 10885 |
| 504 ## - تبصرة ببليوجرافية | |
| تبصرة ببليوجرافية,الخ | Includes bibliographical references and index. |
| 505 0# - تبصرة محتويات-الفهرس | |
| تبصرة المحتويات المصاغة | Tumors -- Inflammatory diseases -- Degenerative disease -- Metabolic disorders -- Developmental disorders -- Osteonecrosis -- Intra-articular lesions -- Ligament and tendon injuries -- Fractures and dislocations. |
| 650 #0 - المدخل الاضافى بالموضوع-مصطلح موضوعى | |
| مصطلح موضوعي أو اسم جغرافي كعنصر مدخل | Musculoskeletal system |
| التقسيم الفرعي العام | Imaging |
| التقسيم الفرعي الشكلي | Handbooks, manuals, etc. |
| 9 (RLIN) | 11330 |
| 650 #0 - المدخل الاضافى بالموضوع-مصطلح موضوعى | |
| مصطلح موضوعي أو اسم جغرافي كعنصر مدخل | Musculoskeletal system |
| التقسيم الفرعي العام | Diseases |
| -- | Diagnosis |
| التقسيم الفرعي الشكلي | Handbooks, manuals, etc. |
| 9 (RLIN) | 11331 |
| 650 12 - المدخل الاضافى بالموضوع-مصطلح موضوعى | |
| مصطلح موضوعي أو اسم جغرافي كعنصر مدخل | Musculoskeletal Diseases |
| التقسيم الفرعي العام | diagnosis |
| التقسيم الفرعي الشكلي | Handbooks. |
| 9 (RLIN) | 10215 |
| 650 12 - المدخل الاضافى بالموضوع-مصطلح موضوعى | |
| مصطلح موضوعي أو اسم جغرافي كعنصر مدخل | Musculoskeletal System |
| التقسيم الفرعي العام | radiography |
| التقسيم الفرعي الشكلي | Handbooks. |
| 9 (RLIN) | 11332 |
| 650 22 - المدخل الاضافى بالموضوع-مصطلح موضوعى | |
| مصطلح موضوعي أو اسم جغرافي كعنصر مدخل | Diagnosis, Differential |
| التقسيم الفرعي الشكلي | Handbooks. |
| 9 (RLIN) | 56054 |
| 650 22 - المدخل الاضافى بالموضوع-مصطلح موضوعى | |
| مصطلح موضوعي أو اسم جغرافي كعنصر مدخل | Diagnostic Imaging |
| التقسيم الفرعي الشكلي | Handbooks. |
| 9 (RLIN) | 10889 |
| 700 ## - المدخل الاضافى - اسم شخصى | |
| الإسم الشخصى | Patel,Sanjay |
| 9 (RLIN) | 4929 |
| 700 ## - المدخل الاضافى - اسم شخصى | |
| الإسم الشخصى | Shah,Dhiren J. |
| 9 (RLIN) | 56055 |
| 942 ## - عناصر المدخل الإضافي( كوها) | |
| Koha [default] item type | كتاب |
| حالة الفقد | نموذج السعر الفعال | حالة تلف | ليس للاعارة | رقم الطلب | تاريخ الاكتساب | الموقع الحالي | الباركود | الفرع الرئيسي | Date last seen | نوع المادة فى نظام كوها | مصدر التصنيف او خطة الترفيف | Total Checkouts |
|---|---|---|---|---|---|---|---|---|---|---|---|---|
| 2014-10-22 | 616.707 MUI | 2014-10-22 | المكتبة المركزية بالمجمعة (CL) | 00405185 | المكتبة المركزية بالمجمعة (CL) | 2014-10-22 | كتاب | Dewey Decimal Classification | ||||
| 2014-10-22 | 616.707 MUI | 2014-10-22 | المكتبة المركزية بالمجمعة (CL) | 00405186 | المكتبة المركزية بالمجمعة (CL) | 2014-10-22 | كتاب | Dewey Decimal Classification | ||||
| 2014-10-22 | 616.707 MUI | 2014-10-22 | المكتبة المركزية بالمجمعة (CL) | 00405187 | المكتبة المركزية بالمجمعة (CL) | 2014-10-22 | كتاب | Dewey Decimal Classification | ||||
| 2016-07-20 | 616.707 MUI | 2016-07-20 | مكتبة مجمع الكليات بالزلفى - طلاب (SZM) | 00502016 | مكتبة مجمع الكليات بالزلفى - طلاب (SZM) | 2016-07-20 | كتاب | Dewey Decimal Classification | ||||
| 2016-07-20 | 616.707 MUI | 2016-07-20 | مكتبة مجمع الكليات بالزلفى - طلاب (SZM) | 00502017 | مكتبة مجمع الكليات بالزلفى - طلاب (SZM) | 2016-07-20 | كتاب | Dewey Decimal Classification | ||||
| 2016-07-20 | 616.707 MUI | 2016-07-20 | مكتبة مجمع الكليات بالزلفى - طلاب (SZM) | 00502018 | مكتبة مجمع الكليات بالزلفى - طلاب (SZM) | 2016-07-20 | كتاب | Dewey Decimal Classification |
